000 01062nam a2200265Ia 4500
003 OSt
005 20221005105621.0
006 a|||||r|||| 00| 0
007 ta
008 221004b |||||||| |||| 00| 0 san d
020 _a9788193255940 (hbk)
_cINR 415.00
024 _a44938
037 _b374, 04/02/2019, Vidyanidhi Prakashan
_cTextual
040 _aCRL
_cCRL
_bsan
041 _2san
_asan
082 _aQ1:24, 152Q8
100 _aप्रजापति, भोला नाथ, ले.
_9623929
245 0 _aउपनिषद् - शांकरभाष्य में प्रकाश का स्वरूप
246 _aUpaniṣhad - shāankarabhāṣhya mean prakāsh kā svarūpa
260 _aनई दिल्ली
_bरीवा प्रकाशन भारत
_c2018
300 _a178पृ0
_ccm.
650 _aउपनिषद्
942 _hQ1:24, 152Q8
_cTEXL
_2cc
999 _c1016361
_d1016361